|
|
|
|
| LEADER |
02407njm a2200613 i 4500 |
| 001 |
001945124 |
| 003 |
CZ BrMZK |
| 005 |
20251216115044.0 |
| 007 |
sd fungnnmmned |
| 008 |
250821t20242024xr zznng dh n lat |
| 015 |
|
|
|a cnb003688567
|
| 024 |
3 |
|
|a 8595066601763
|
| 028 |
0 |
1 |
|a 01762231
|b Nibiru
|
| 040 |
|
|
|a BOA001
|b cze
|e rda
|
| 041 |
0 |
|
|d lat
|e cze
|e eng
|e fre
|e gre
|e lat
|g cze
|g eng
|g fre
|g ger
|
| 043 |
|
|
|a e-xr---
|
| 045 |
|
|
|a u-v-
|
| 072 |
|
7 |
|a 783
|x Církevní hudba. Duchovní hudba. Náboženská hudba
|2 Konspekt
|9 9
|
| 080 |
|
|
|a 783
|2 MRF
|
| 080 |
|
|
|a 783.27
|2 MRF
|
| 080 |
|
|
|a 783.27
|2 MRF
|
| 080 |
|
|
|a (086.76)
|2 MRF
|
| 245 |
0 |
0 |
|a Statio quadruplex pro Processione Theophorica ZWV 158 ;
|b Miserere d moll ZWV 56 /
|c Jan Dismas Zelenka. Misere / Gregorio Allegri ; Jan Dismas Zelenka
|
| 264 |
|
1 |
|a Praha :
|b Nibiru,
|c [2024]
|
| 264 |
|
4 |
|c ℗2024
|
| 300 |
|
|
|a 1 CD audio (69:32) ;
|c 12 cm
|
| 306 |
|
|
|a 010932
|
| 336 |
|
|
|a hraná hudba
|b prm
|2 rdacontent
|
| 337 |
|
|
|a audio
|b s
|2 rdamedia
|
| 338 |
|
|
|a audiodisk
|b sd
|2 rdacarrier
|
| 344 |
|
|
|a digital
|b optical
|2 rda
|
| 347 |
|
|
|a audio soubor
|b CD audio
|2 rda
|
| 490 |
1 |
|
|a Music of baroque Bohemia
|
| 500 |
|
|
|a Název z disku
|
| 500 |
|
|
|a Technika záznamu DDD
|
| 500 |
|
|
|a Informace o hudbě a texty skladeb vícejazyčně (34 stran) v pouzdru
|
| 511 |
0 |
|
|a Ensemble Inégal ; Adam Viktora, dirigent
|
| 518 |
|
|
|o Nahráno
|d 15.-18. srpna 2024
|p kostel u Salvátora, Praha
|
| 648 |
|
7 |
|a 17.-18. století
|7 ch757024
|2 czenas
|
| 650 |
0 |
7 |
|a duchovní hudba
|7 ph114372
|z Česko
|y 17.-18. století
|2 czenas
|
| 655 |
|
7 |
|a žalmy (hudba)
|7 fd980112
|2 czenas
|
| 655 |
|
7 |
|a Miserere mei
|7 fd1024823
|2 czenas
|
| 655 |
|
7 |
|a kompaktní disky
|7 fd201991
|2 czenas
|
| 700 |
1 |
|
|a Viktora, Adam,
|d 1973-
|7 ola2002145214
|4 cnd
|
| 700 |
1 |
2 |
|i Obsahuje (dílo):
|a Zelenka, Jan Dismas,
|d 1679-1745.
|t Statio quadruplex,
|n ZWV 158
|
| 700 |
1 |
2 |
|i Obsahuje (dílo):
|a Zelenka, Jan Dismas,
|d 1679-1745.
|t Miserere,
|n ZWV 56,
|r d moll
|7 aun2015887707
|
| 700 |
1 |
2 |
|i Obsahuje (vyjádření):
|a Allegri, Gregorio,
|d 1582-1652.
|t Miserere;
|o aranžmá
|
| 710 |
2 |
|
|a Ensemble Inégal
|7 ko2004233462
|4 prf
|
| 740 |
0 |
2 |
|a Miserere d moll ZWV 56
|
| 830 |
|
0 |
|a Music of baroque Bohemia
|
| 910 |
|
|
|a BOA001
|b CDR-1553.591
|
| 990 |
|
|
|a AV
|
| 991 |
|
|
|b 202512
|
| 996 |
6 |
|
|b 2611018533
|c CDR-1553.591
|l MZK
|r Sklad / do 24 hodin
|n 0
|p p.v.
|w 002025669
|u 000010
|a 1
|e BOA001
|j MZK50
|s P
|